[Event "?"]
[Site "?"]
[Date "2016.12.28"]
[Round "5.3"]
[White "KOLEV, Lachezar"]
[Black "Fluerariu, Radu-Cristian"]
[Result "1/2-1/2"]
[WhiteElo "1856"]
[BlackElo "2021"]
[PlyCount "87"]
[EventDate "2016.??.??"]
[WhiteTeam "AN PASAN"]
[BlackTeam "ALCOR"]

1. e4 d6 2. d4 Nf6 3. Nc3 c6 4. f3 Qb6 5. Nge2 (5. Bc4 e5 6. Nge2 Be7 7. a4 a5
8. Be3 Qc7 9. Qd2 O-O 10. O-O-O Nbd7 11. Bb3 exd4 12. Nxd4 Nc5 13. Ba2 Re8 14.
g4 Bf8 15. h4 Be6 16. Nxe6 fxe6 17. Qh2 Nfd7 18. Rhf1 Rab8 19. Bf4 Ne5 {
Penz,H (2403)-Kleissl,H (2279) Austria 1999 1/2 (63)}) 5... e5 6. g3 $146 (6.
a4 Be7 7. Be3 O-O 8. Qd2 Qc7 9. g4 Re8 10. g5 Nfd7 11. d5 Na6 12. Ng3 Nb4 13.
Nb5 cxb5 14. Qxb4 bxa4 15. Qxa4 g6 16. Ra3 Rf8 17. Rc3 Nc5 18. Qa2 a5 19. h4
Bd7 20. h5 Qd8 {Tomic,B (2151)-Dizdarevic,E (2527) Neum 2000 0-1 (56)}) (6. g4
h6 7. Bg2 g6 8. Qd3 Nbd7 9. O-O exd4 10. Qxd4 Qxd4+ 11. Nxd4 Bg7 12. Rd1 Ke7
13. b3 Rd8 14. Ba3 Ne5 15. Rd2 Ne8 16. Re1 Kf8 17. h3 g5 18. Nce2 Ng6 19. Red1
Be5 20. c4 Kg8 {Kongsee,U (2253)-Li,B (2412) Hong Kong 2014 1/2 (65)}) (6. dxe5
dxe5 7. Ng3 h5 8. Bc4 h4 9. Nge2 h3 10. g3 Bc5 11. Rf1 Ke7 12. Bd2 Qc7 13. Nc1
b5 14. Bb3 a5 15. Nd3 Na6 16. a3 a4 17. Nxc5 Nxc5 18. Ba2 Rd8 19. Qe2 Ne6 20.
O-O-O Ba6 {Hughes,A (2046)-Williams,S (1696) Witley 2001 1-0 (50)}) 6... Be7 7.
Bg2 Nbd7 8. f4 (8. a4 a5 9. Be3 O-O $14 (9... Qxb2 $4 10. Rb1 Qb4 11. Rxb4 axb4
12. Nb1 $18)) 8... O-O $11 9. O-O Rd8 10. Kh1 exd4 11. Nxd4 Nc5 12. h3 d5 13.
exd5 Nxd5 14. Nxd5 cxd5 15. c3 Bf6 16. Re1 Ne6 (16... Ne4 17. Kh2 $15) 17. Nxe6
(17. b3 $142 $5 $11) 17... Bxe6 $17 (17... fxe6 $143 18. Qe2 $14) 18. Qe2 d4
19. cxd4 Bxd4 20. Be3 Bxe3 21. Qxe3 Qxb2 22. Rab1 (22. g4 g6 (22... Bxa2 $143
23. Qe5 Qxe5 24. Rxe5 $15) 23. f5 Bd5 24. Bxd5 Rxd5 $17) 22... Qxa2 $17 23.
Rxb7 Bd5 24. Bxd5 Qxd5+ (24... Rxd5 $4 25. Qe8+ Rxe8 26. Rxe8#) 25. Qe4 Qxe4+ (
25... Qc5 $5 $17) 26. Rxe4 $15 Rdb8 (26... Rd1+ 27. Kg2 Rd2+ 28. Kf3 Rd3+ 29.
Kg4 f5+ 30. Kxf5 Rxg3 31. Ree7 $15) 27. Rxb8+ (27. Rc7 h5 28. Ree7 Rb3 29. Rxf7
Rxg3 $11) 27... Rxb8 $15 28. Ra4 Ra8 29. Kg2 (29. Ra6 Kf8 $15) 29... Kf8 $17
30. Kf3 Ke7 31. Ke4 Kd6 32. Kd4 a5 33. g4 Kc6 34. Kc4 Kb6 35. h4 (35. Ra3 Rc8+
36. Kd4 g6 $17) 35... Rc8+ 36. Kb3 Re8 (36... f5 37. gxf5 Rf8 38. f6 Rxf6 39.
Re4 $19) 37. Rd4 Kc5 (37... Re3+ $5 38. Kb2 Rg3 $17) 38. Rd7 $11 Re3+ 39. Kb2
Rg3 40. g5 Rg4 41. Rxf7 Rxh4 42. Rxg7 Rxf4 43. Rxh7 Rg4 44. Rg7 1/2-1/2

[Event "?"]
[Site "?"]
[Date "2016.12.27"]
[Round "2.6"]
[White "Fluerariu, Radu-Cristian"]
[Black "LENKOVA, Lyubomira"]
[Result "1-0"]
[WhiteElo "2021"]
[BlackElo "1260"]
[PlyCount "89"]
[EventDate "2016.??.??"]
[WhiteTeam "ALCOR"]
[BlackTeam "AN PASAN"]

1. e4 e5 2. Nf3 Nc6 3. Bc4 Bc5 4. c3 d6 5. O-O Nf6 6. d3 Be6 7. Bb5 O-O (7...
a6 8. Ba4 Bd7 (8... b5 9. Bc2 d5 10. exd5 Nxd5 11. Re1 Bd6 12. d4 exd4 13. cxd4
h6 14. Ne5 Nxe5 15. dxe5 Bb4 16. Bd2 Qe7 17. a3 Bc5 18. Qf3 Rd8 19. Nc3 Bd4 20.
Qg3 Kf8 21. Rad1 Nxc3 22. Bxc3 c5 23. Rxd4 {
Ivell,N (2279)-Taylor,W (2004) England 2014 1-0 (47)}) 9. h3 h6 10. Nbd2 O-O
11. Re1 Ba7 12. Nf1 Ne7 13. Bxd7 Qxd7 14. Ng3 Rad8 15. d4 Qe6 16. Qc2 Nh7 17.
Be3 f6 18. d5 Qc8 19. Bxa7 b6 20. Nh4 g6 21. Qe2 Qb7 22. Bxb6 {
Chudinovskih,A (2302)-Fusek,L (1999) Stare Mesto 2011 1-0 (80)}) 8. d4 Nxe4
$146 (8... a6 9. Bxc6 bxc6 10. dxc5 dxc5 11. Qxd8 Rfxd8 12. Bg5 Bc4 13. Re1 Rd6
14. Na3 Bxa2 15. Rxa2 h6 16. Bxf6 Rxf6 17. Nxe5 Rd8 18. Nac4 Re6 19. f4 f6 20.
f5 Rxe5 21. Nxe5 fxe5 22. Rxa6 Rd6 23. g4 {
Huynh Mai Phuong,D-Farah Atiyah,Z Kuala Lumpur 2001 1-0 (38)}) (8... exd4 9.
cxd4 Nxd4 (9... Bb6 10. d5 a6 11. Ba4 Ng4 12. dxc6 Bc4 13. cxb7 Rb8 14. Bg5 f6
15. Bb3 fxg5 16. Bxc4+ Kh8 17. h3 Nxf2 18. Rxf2 Qf6 19. Nc3 c6 20. Bxa6 h5 21.
e5 dxe5 22. Ne4 Bxf2+ 23. Nxf2 Qf4 24. Qd2 {
Dominguez Rueda,J (2120)-Cornudella Felip,J (1914) Santa Susanna 2011 1-0}) 10.
Nxd4 Nxe4 11. Be3 Bxd4 12. Bxd4 Qg5 13. Be2 d5 14. Be3 Qf6 15. Bd4 Qg5 16. Qc1
Qxc1 17. Rxc1 c6 18. f3 Nd6 19. Bc5 Rfd8 20. Bxd6 Rxd6 21. Nc3 Rc8 22. b4 f5
23. Bd3 {Bartos,A (2083)-Kouba,V (1941) Kouty nad Desnou 2009 1-0 (44)}) 9.
dxc5 Nxc5 10. Be3 Ne4 11. Qa4 (11. Bd3 Nf6 12. Ng5 Bc8 $16) 11... Nf6 (11... f5
$5 $16) 12. Bxc6 $18 bxc6 13. Qxc6 (13. Bg5 Bd7 $18) 13... Bd5 (13... Rb8 $5
14. Bg5 Rxb2 15. Bxf6 gxf6 $16) 14. Qa4 $18 Qb8 (14... Bxf3 15. gxf3 Nh5 16.
Nd2 $18) 15. b3 Qb7 16. Nbd2 Rfe8 17. Qb4 Qc8 18. Qh4 Qf5 19. Qg5 (19. c4 Bc6
$18) 19... Qd3 (19... Qxg5 20. Nxg5 h6 21. c4 $18) 20. c4 Bc6 21. Rfd1 Qc3 $2 (
21... h6 $142 22. Qg3 Nh5 $18) 22. Rac1 Qb4 (22... Qb2 23. c5 dxc5 24. Rb1 Qxa2
25. Ra1 $18) 23. Nh4 Ne4 24. Nxe4 Bxe4 25. Nf5 Bxf5 26. Qxf5 Re6 27. Qe4 Qb8 (
27... Rd8 28. Bxa7 Rc8 29. Be3 $18) 28. c5 h6 29. cxd6 cxd6 30. Rc6 Qb7 31. Qa4
Qe7 (31... Rd8 32. Rd5 $18) 32. Qa6 Rd8 33. Qxa7 Qf6 (33... Qe8 34. Qc7 Ra8 35.
Rc2 $18) 34. Bb6 Rde8 35. Qd7 Qg6 (35... Rb8 36. Rdxd6 Qg6 37. Be3 Rxd6 38.
Qxd6 Qxd6 39. Rxd6 $18) 36. Rcxd6 Ra8 (36... Rxd6 37. Qxd6 (37. Rxd6 $6 Re6 38.
Rd1 Rxb6 $18) 37... Qc2 38. Qd2 $18) 37. Rxe6 fxe6 (37... Qxe6 38. Qxe6 fxe6
39. a4 $18) 38. a4 Rf8 (38... Qg4 39. a5 Kh7 40. f3 $18) 39. a5 Rf6 (39... Qc2
40. Qxe6+ Kh7 $18) 40. a6 Qe4 41. Qd8+ (41. a7 $142 Rf8 42. Qxe6+ Kh7 $18)
41... Rf8 42. Qd3 (42. Qd6 $142 Qf5 43. a7 Kh7 $18) 42... Qa8 43. a7 Rc8 44.
Qd6 Re8 45. Qxe5 1-0

[Event "?"]
[Site "?"]
[Date "2016.12.27"]
[Round "3.5"]
[White "HRISTOV, Deyan"]
[Black "Fluerariu, Radu-Cristian"]
[Result "0-1"]
[WhiteElo "1495"]
[BlackElo "2021"]
[PlyCount "34"]
[EventDate "2016.??.??"]
[WhiteTeam "AN PASAN"]
[BlackTeam "ALCOR"]

1. e4 d6 2. d4 g6 3. Nc3 Bg7 4. f4 Nf6 5. Bd3 O-O 6. Be3 $146 (6. e5 Nfd7 (6...
dxe5 7. fxe5 Nd5 8. Nf3 Bg4 9. h3 Bxf3 10. Qxf3 e6 11. Ne4 Nd7 12. O-O c5 13.
c3 cxd4 14. cxd4 Qb6 15. Qf2 f6 16. exf6 N5xf6 17. Nc5 Ne4 18. Qc2 Bxd4+ 19.
Kh2 Rxf1 20. Bxe4 Qd6+ {0-1 (20) Adler,P-Marks,N Oxford 1967}) 7. h4 c5 8. e6
Nf6 9. exf7+ Rxf7 10. dxc5 d5 11. Nf3 Bg4 12. Be2 Bxf3 13. Bxf3 e6 14. h5 gxh5
15. Bxh5 Nxh5 16. Qxh5 Bxc3+ 17. bxc3 Nd7 18. Qg4+ Kh8 19. Be3 Qf6 20. Bd4 e5 {
Schutz,I (2203)-Ohlsson,S Linkoping 2001 1-0}) (6. f5 c5 7. fxg6 hxg6 8. dxc5
Qa5 9. cxd6 Nxe4 10. Bxe4 Bxc3+ 11. Kf2 Bf6 12. Qd5 Qxd5 13. Bxd5 exd6 14. Nf3
Na6 15. Rd1 Nc5 16. Bg5 Bxb2 17. Rab1 Bg7 18. Be7 Re8 19. Bxd6 Ne4+ 20. Bxe4
Rxe4 {Tirard,H (2421)-De Wit,T (2293) Plancoet 2013 EXT 2017 [RR] 1/2 (53)}) (
6. Nf3 $5 $16) 6... Nc6 (6... e5 $142 7. dxe5 dxe5 $11) 7. a3 $4 (7. Nf3 $142
$11) 7... Ng4 $17 8. Qd2 Nxe3 9. Qxe3 Nxd4 10. Nf3 c5 11. O-O-O a6 12. h4 b5 (
12... Bg4 $142 $5 $17) 13. h5 $15 Nxf3 (13... e5 14. Kb1 $15) 14. Qxf3 (14.
gxf3 Bb7 $11) 14... b4 (14... Bxc3 15. e5 Bf5 (15... dxe5 $4 16. hxg6 (16. Qxa8
$6 Bd4 $11) 16... fxg6 17. Bxg6 (17. Qxa8 $6 Bd4 $11) 17... Qxd1+ 18. Qxd1 hxg6
19. Qd5+ Kg7 20. bxc3 $18) 16. bxc3 Bxd3 17. Rxd3 c4 18. hxg6 fxg6 $18) 15.
axb4 $14 cxb4 16. Ne2 (16. Nd5 $142 $5 $14) 16... Qa5 $17 17. b3 $4 (17. hxg6
$142 hxg6 18. f5 Qa1+ 19. Kd2 Qxb2 20. Rdf1 $17) 17... Bc3 0-1

[Event "?"]
[Site "?"]
[Date "2016.12.26"]
[Round "1.1"]
[White "STOYANOV, Georgi"]
[Black "Fluerariu, Radu-Cristian"]
[Result "0-1"]
[WhiteElo "1895"]
[BlackElo "2021"]
[PlyCount "116"]
[EventDate "2016.??.??"]
[WhiteTeam "AN PASAN"]
[BlackTeam "ALCOR"]

1. e4 d6 2. d4 g6 3. c4 Bg7 4. Nc3 Nf6 5. Nge2 O-O 6. f3 a6 7. Be3 Nc6 8. Qd2
b5 9. cxb5 Na5 10. Nc1 axb5 11. Bxb5 c6 12. Be2 d5 $146 (12... Ba6 13. O-O Nd7
14. b3 c5 15. Bxa6 Rxa6 16. N1e2 Qa8 17. Rab1 Rc8 18. Rfc1 e6 19. dxc5 Nxc5 20.
Nb5 Nab7 21. a4 Na5 22. Qd1 Naxb3 23. Rxb3 Nxb3 24. Rxc8+ Qxc8 25. Qxb3 Ra8 26.
Ned4 Bxd4 27. Nxd4 {Lenic,L (2602)-Srebrnic,M (2331) Ljubljana 2010 1-0 (54)})
(12... Be6 13. O-O Nc4 14. Bxc4 Bxc4 15. Rd1 Qb8 16. b3 Be6 17. Nd3 Rc8 18.
Rdb1 Qb7 19. a4 Nd7 20. Nf4 Nf8 21. Nxe6 Nxe6 22. b4 Qa7 23. Ne2 c5 24. d5 Bxa1
25. Rxa1 Nc7 26. bxc5 dxc5 27. e5 {
Edouard,R (2686)-Kempinski,R (2599) Warsaw 2012 0-1 (44)}) (12... Be6 13. O-O
$16) 13. e5 (13. b4 $5 Nc4 14. Bxc4 dxc4 15. O-O $16) 13... Nd7 14. b3 (14. O-O
e6 $16) 14... e6 (14... c5 15. f4 cxd4 16. Bxd4 $14) 15. f4 (15. Bg5 f6 16.
exf6 Bxf6 17. Bxf6 Qxf6 $16) 15... f6 16. O-O c5 17. dxc5 (17. exf6 Qxf6 18.
Nb5 c4 $11) 17... fxe5 18. Nxd5 (18. fxe5 Rxf1+ 19. Bxf1 Nxe5 $15) 18... exf4 (
18... Bb7 19. Nc3 exf4 20. Bxf4 Nxc5 $17) 19. Bxf4 $2 (19. Nxf4 Bxa1 20. Nxe6
Rxf1+ 21. Bxf1 $17) 19... Nxc5 $19 (19... Bxa1 $143 20. Nc7 Bb7 21. Nxa8 Bxa8
22. b4 $11) (19... exd5 $143 20. Qxd5+ Kh8 21. Qxa8 Bxa1 22. b4 $16) 20. Nc7
Qxd2 21. Bxd2 Rxf1+ (21... Bd4+ 22. Kh1 Rxf1+ 23. Bxf1 $17) 22. Bxf1 (22. Kxf1
Ra7 23. Rb1 Ne4 $11) 22... Ne4 (22... Bd4+ $5 23. Kh1 Ra7 24. Bxa5 Bxa1 $19 (
24... Rxa5 $143 25. b4 Ra4 26. Rb1 $17)) 23. Be3 $15 Rb8 24. Rb1 Nc3 25. Rb2
Nd1 26. Rd2 Nxe3 27. Rd8+ Kf7 28. Ba6 Be5 29. Bxc8 {Ã Â Ã<->â sÃ Â~/=Ã
Â_|Ã<->Æ/^Ã Â-/+Ã<->â s Ã Â,Ã Â.Ã Â3/4Ã Â>>Ã Â,Ã<->â->_|_Ã Â3/4Ã Â+/=Ã Â~/=Ã
Â1/2Ã Â1/2Ã<->Æ/^o^ Ã Â?Ã Â-/+Ã<->Ë()Ã Â_|Ã<->Æ/^ Ã Â1/2Ã Â~/= e6} Bxc7 30.
Rd7+ Ke8 31. Rxc7 Kd8 32. Rxh7 Rxc8 33. Rh8+ Kd7 34. Rxc8 Kxc8 35. Nd3 Nd5 36.
Kf2 (36. Ne5 $5 $11) 36... Nc6 $15 37. h4 e5 38. Kf3 Nc3 (38... Nf6 $142 39.
Ke3 Kc7 $17) 39. Nxe5 $4 (39. Kg4 $142 $17) 39... Nxe5+ $19 40. Kf4 Nf7 41. g4
(41. a4 Kb7 $19) 41... Nd5+ 42. Ke4 Ne7 (42... Nf6+ $5 43. Kf4 $19) 43. a4 Kd7
44. b4 Ke6 45. b5 Nd6+ 46. Kd4 Nec8 $4 (46... Kd7 $142 $19) 47. Kc5 $4 (47. h5
$142 $11) 47... Ne4+ $17 48. Kc6 $4 (48. Kd4 Nf6 49. h5 $19) 48... Nc3 $19 49.
b6 (49. Kc7 Ne7 50. h5 Nxa4 51. hxg6 Nd5+ 52. Kd8 Kf6 $19) 49... Nxb6 50. Kxb6
(50. a5 Nc8 51. Kb7 $19) 50... Nxa4+ 51. Kb5 (51. Kc6 Nc3 52. h5 g5 53. h6 Kf7
54. h7 Kg7 55. Kc5 Nd1 56. Kd4 Kxh7 57. Ke4 Kg6 58. Kf3 Nc3 59. Ke3 Nd5+ 60.
Ke4 Nf6+ 61. Kf3 Kf7 62. Ke2 Ke6 63. Kf3 Ke5 64. Kg3 Ke4 65. Kf2 Kf4 66. Ke1
Kxg4 67. Kd1 Kf4 68. Kc1 g4 69. Kb1 g3 70. Ka1 g2 71. Kb2 g1=Q 72. Kc3 Ne4+ 73.
Kb3 Qb1+ 74. Kc4 Kf5 75. Kd5 Qc1 76. Kd4 Qc3+ 77. Kd5 Qc5#) 51... Nc3+ 52. Kc4
Ne4 53. Kd4 Nf6 54. Ke3 (54. h5 g5 55. h6 Kd6 56. Kc4 Ke5 57. Kc3 Kf4 58. Kd4
Nh7 59. Kd3 Kxg4 60. Ke4 Kh5 61. Kd3 Kxh6 62. Kc2 g4 63. Kd3 g3 64. Ke2 Ng5 65.
Kf1 Kh5 66. Ke1 Ne6 67. Ke2 Kg4 68. Ke3 g2 69. Ke4 g1=Q 70. Kd5 Qd4+ 71. Kxe6
Kg5 72. Ke7 Kf5 73. Kf8 Kf6 74. Kg8 Qg4+ 75. Kh8 Qg7#) 54... Nxg4+ 55. Kf4 Nf6
56. Kg5 Kf7 57. Kf4 Nh5+ 58. Kg4 (58. Kf3 Ke6 59. Ke2 Kf5 60. Kf3 Nf6 61. Kg3
Ke4 62. h5 gxh5 63. Kh3 Kf3 64. Kh4 Kf4 65. Kh3 Kg5 66. Kg3 h4+ 67. Kf3 Kf5 68.
Kf2 Kg4 69. Ke3 h3 70. Kf2 Kf4 71. Kf1 Kf3 72. Ke1 h2 73. Kd2 h1=Q 74. Kc3 Qc1+
75. Kb3 Nd5 76. Ka2 Qc3 77. Kb1 Nf4 78. Ka2 Nd3 79. Kb1 Qb2#) 58... Kf6 (58...
Kf6 59. Kf3 Kf5 60. Ke2 Kg4 61. Kd1 Kxh4 62. Kc1 g5 63. Kd1 g4 64. Ke2 g3 65.
Kf3 Kh3 66. Ke2 g2 67. Kd3 g1=Q 68. Kc4 Qc1+ 69. Kb5 Nf4 70. Kb4 Nd5+ 71. Kb5
Kg4 72. Ka4 Qb2 73. Ka5 Qb6+ 74. Ka4 Qb4#) 0-1

[Event "European Union Youth Championship - U14"]
[Site "Kouty nad Desnou, hotel DS"]
[Date "2016.08.14"]
[Round "9.1"]
[White "Fluerariu, Radu-Cristian"]
[Black "Mantel, Ruben"]
[Result "1-0"]
[WhiteElo "1963"]
[BlackElo "1962"]
[PlyCount "59"]
[EventDate "2016.08.06"]
[EventRounds "9"]
[EventCountry "CZE"]

1. e4 c5 2. Be2 Nc6 3. f4 e6 4. Nf3 b6 5. O-O Bb7 6. c3 d5 7. exd5 exd5 8. Ne5
Bd6 9. Qa4 Nge7 10. d4 O-O 11. Be3 a6 12. Rf3 b5 13. Qd1 c4 14. Nd2 f6 15. Nxc6
Bxc6 16. g4 f5 17. g5 Ng6 18. Qf1 Qc7 19. Qf2 Rae8 20. Bd1 Re4 21. Bc2 Bxf4 22.
Rf1 Bxe3 23. Rxe3 Rg4+ 24. Rg3 Nf4 25. Kh1 Qe7 26. Bxf5 Rxg3 27. hxg3 Qxg5 28.
Qxf4 Qh5+ 29. Kg2 Rf6 30. g4 1-0

[Event "European Union Youth Championship - U14"]
[Site "Kouty nad Desnou, hotel DS"]
[Date "2016.08.13"]
[Round "8.1"]
[White "Sankova, Stella"]
[Black "Fluerariu, Radu-Cristian"]
[Result "0-1"]
[WhiteElo "1898"]
[BlackElo "1963"]
[PlyCount "102"]
[EventDate "2016.08.06"]
[EventRounds "9"]
[EventCountry "CZE"]

1. d4 g6 2. e4 d6 3. Nc3 Bg7 4. f4 Nf6 5. Bd3 c5 6. dxc5 O-O 7. Nf3 Nc6 8. O-O
dxc5 9. e5 Nd5 10. Nxd5 Qxd5 11. Qe2 Bg4 12. Be4 Nd4 13. Qe3 Qd7 14. Rd1 Rad8
15. Bd2 Bxf3 16. Bxf3 Nxc2 17. Qxc5 Nxa1 18. Be3 Qc8 19. Rxa1 Qxc5 20. Bxc5 Rd2
21. b3 b6 22. Bxe7 Re8 23. Bb4 Rd4 24. Bc3 Rxf4 25. Re1 f6 26. e6 f5 27. Bd2
Rd4 28. Bc6 Rxe6 29. Rxe6 Rxd2 30. a4 Kf7 31. Re8 Bd4+ 32. Kf1 Rf2+ 33. Ke1
Rxg2 34. Bxg2 Kxe8 35. Ke2 Ke7 36. Bd5 Be5 37. h3 Kf6 38. Kf3 g5 39. Bc6 h5 40.
Bd7 g4+ 41. Kg2 Kg5 42. hxg4 hxg4 43. Bc6 f4 44. Be4 Bd6 45. Bc6 Kf6 46. Bd7
f3+ 47. Kf2 Kg5 48. Bc6 Kf4 49. Kg1 g3 50. Bb5 Bc5+ 51. Kf1 g2+ 0-1

[Event "European Union Youth Championship - U14"]
[Site "Kouty nad Desnou, hotel DS"]
[Date "2016.08.12"]
[Round "7.2"]
[White "Fluerariu, Radu-Cristian"]
[Black "Strassburg, Robin Leonard"]
[Result "1-0"]
[WhiteElo "1963"]
[BlackElo "1819"]
[PlyCount "49"]
[EventDate "2016.08.06"]
[EventRounds "9"]
[EventCountry "CZE"]

1. e4 d5 2. exd5 Qxd5 3. Nc3 Qa5 4. Bc4 Nf6 5. d4 c6 6. Bd2 Qc7 7. Nf3 Bf5 8.
Ne5 e6 9. g4 Be4 10. Nxe4 Nxe4 11. Bf4 Nd6 12. Bb3 Nd7 13. Qf3 Nxe5 14. dxe5
Qa5+ 15. c3 Nb5 16. O-O-O Be7 17. h4 Rd8 18. g5 Bc5 19. h5 Nc7 20. g6 Rxd1+ 21.
Rxd1 O-O 22. gxh7+ Kh8 23. Rg1 Ne8 24. Qg3 g6 25. hxg6 1-0

[Event "European Union Youth Championship - U14"]
[Site "Kouty nad Desnou, hotel DS"]
[Date "2016.08.11"]
[Round "6.1"]
[White "Jazdanovs, Aleksandrs"]
[Black "Fluerariu, Radu-Cristian"]
[Result "0-1"]
[WhiteElo "2040"]
[BlackElo "1963"]
[PlyCount "68"]
[EventDate "2016.08.06"]
[EventRounds "9"]
[EventCountry "CZE"]

1. Nf3 c5 2. g3 g6 3. Bg2 Bg7 4. O-O Nc6 5. c3 Nf6 6. d4 cxd4 7. Nxd4 O-O 8.
Na3 d5 9. Bf4 Re8 10. Nxc6 bxc6 11. Be5 Qb6 12. c4 Bb7 13. Qc2 Nd7 14. Bxg7
Kxg7 15. cxd5 cxd5 16. b3 Rac8 17. Qb2+ Qf6 18. Qxf6+ Nxf6 19. Rac1 Ba6 20. Nc2
Bxe2 21. Rfe1 Bg4 22. h3 Bd7 23. Nb4 e6 24. Nd3 Bb5 25. Nc5 Nd7 26. Nb7 Rc6 27.
a4 Rec8 28. Rxc6 Bxc6 29. Nd6 Rd8 30. Bf1 Ne5 31. Rxe5 Rxd6 32. f4 Kf6 33. Kf2
Rd7 34. Ke3 Rb7 0-1

[Event "European Union Youth Championship - U14"]
[Site "Kouty nad Desnou, hotel DS"]
[Date "2016.08.10"]
[Round "5.2"]
[White "Fluerariu, Radu-Cristian"]
[Black "Wachtel, Arthur"]
[Result "1-0"]
[WhiteElo "1963"]
[BlackElo "1770"]
[PlyCount "67"]
[EventDate "2016.08.06"]
[EventRounds "9"]
[EventCountry "CZE"]

1. e4 e6 2. d3 d5 3. Nd2 c5 4. Ngf3 Nc6 5. g3 Nf6 6. Bg2 Bd6 7. O-O O-O 8. Re1
Be7 9. e5 Nd7 10. Nf1 Qc7 11. Bf4 b5 12. h4 a5 13. h5 h6 14. Qd2 Re8 15. g4 Bb7
16. Ng3 a4 17. a3 b4 18. g5 hxg5 19. Bxg5 Ncxe5 20. Nxe5 Nxe5 21. Bxe7 Rxe7 22.
axb4 cxb4 23. Qxb4 Nc6 24. Qh4 Qb6 25. Rxa4 Rxa4 26. Qxa4 Qb4 27. Qxb4 Nxb4 28.
Nf5 Rc7 29. Nd4 Ba6 30. Bf1 Kf8 31. f4 Ke7 32. f5 Kd6 33. fxe6 Re7 34. Nf5+ 1-0

[Event "European Union Youth Championship - U14"]
[Site "Kouty nad Desnou, hotel DS"]
[Date "2016.08.09"]
[Round "4.3"]
[White "Bandza, Rokas"]
[Black "Fluerariu, Radu-Cristian"]
[Result "1/2-1/2"]
[WhiteElo "1395"]
[BlackElo "1963"]
[PlyCount "64"]
[EventDate "2016.08.06"]
[EventRounds "9"]
[EventCountry "CZE"]

1. d4 d6 2. g3 g6 3. Bg2 Bg7 4. e4 Nf6 5. Ne2 O-O 6. h3 Nc6 7. O-O Bd7 8. Nbc3
e5 9. Be3 Re8 10. Qd2 exd4 11. Nxd4 Ne5 12. b3 a6 13. Bg5 c5 14. Nde2 Bxh3 15.
Rad1 Bxg2 16. Kxg2 Qa5 17. Bxf6 Bxf6 18. Nd5 Qd8 19. Ne3 Bg7 20. Qxd6 Qxd6 21.
Rxd6 Nc6 22. f3 Rad8 23. Rfd1 Rxd6 24. Rxd6 f5 25. Rd7 fxe4 26. f4 Nd4 27. Kf2
b6 28. Rd6 Rb8 29. Nc3 Nxc2 30. Nxc2 Bxc3 31. Ke3 b5 32. Kxe4 a5 1/2-1/2

[Event "European Union Youth Championship - U14"]
[Site "Kouty nad Desnou, hotel DS"]
[Date "2016.08.08"]
[Round "3.1"]
[White "Fluerariu, Radu-Cristian"]
[Black "David, Bogdan-Emanuel"]
[Result "0-1"]
[WhiteElo "1963"]
[BlackElo "2092"]
[PlyCount "68"]
[EventDate "2016.08.06"]
[EventRounds "9"]
[EventCountry "CZE"]

1. e4 c5 2. c3 Nc6 3. d4 cxd4 4. cxd4 d5 5. e5 Bf5 6. Nf3 e6 7. Nc3 a6 8. a3
Nge7 9. Be2 Bg6 10. Bg5 Qc7 11. Rc1 Nf5 12. b4 Be7 13. Bxe7 Nfxe7 14. b5 axb5
15. Nxb5 Qa5+ 16. Qd2 Qxd2+ 17. Nxd2 Kd7 18. Nb3 b6 19. O-O Rhc8 20. Nd6 Rc7
21. Rc3 Na7 22. Rfc1 Rxc3 23. Rxc3 Nec8 24. Nb7 Rb8 25. Ba6 Nc6 26. a4 Kc7 27.
Nd8 Kxd8 28. Rxc6 Na7 29. Rc3 f6 30. f4 fxe5 31. fxe5 Be8 32. a5 bxa5 33. Nxa5
Nb5 34. Nb7+ Rxb7 0-1

[Event "European Union Youth Championship - U14"]
[Site "Kouty nad Desnou, hotel DS"]
[Date "2016.08.07"]
[Round "2.3"]
[White "Gresova, Zuzana"]
[Black "Fluerariu, Radu-Cristian"]
[Result "0-1"]
[WhiteElo "1810"]
[BlackElo "1963"]
[PlyCount "54"]
[EventDate "2016.08.06"]
[EventRounds "9"]
[EventCountry "CZE"]

1. e4 d6 2. d4 g6 3. Nf3 Bg7 4. Be2 a6 5. O-O Nf6 6. Nc3 O-O 7. Re1 Nc6 8. h3
e5 9. d5 Ne7 10. Bg5 h6 11. Be3 Ne8 12. Qd2 Kh7 13. g4 f5 14. gxf5 gxf5 15.
exf5 Bxf5 16. Kh1 Ng6 17. Rg1 Nf6 18. Bf1 Ne4 19. Qe2 Nh4 20. Nxh4 Qxh4 21. Kh2
Ng5 22. Rg3 e4 23. Qc4 Rf7 24. Bd4 Nf3+ 25. Rxf3 exf3 26. Bxg7 Qxf2+ 27. Kh1
Rxg7 0-1

[Event "European Union Youth Championship - U14"]
[Site "Kouty nad Desnou, hotel DS"]
[Date "2016.08.06"]
[Round "1.4"]
[White "Fluerariu, Radu-Cristian"]
[Black "Palttala, Niko"]
[Result "1-0"]
[WhiteElo "1963"]
[BlackElo "1665"]
[PlyCount "57"]
[EventDate "2016.08.06"]
[EventRounds "9"]
[EventCountry "CZE"]

1. e4 e5 2. Nf3 Nc6 3. Bc4 Bc5 4. c3 Nf6 5. d3 O-O 6. O-O d5 7. exd5 Nxd5 8.
Nbd2 Nb6 9. b4 Bd6 10. Bb3 Re8 11. Ne4 Bg4 12. Bxf7+ Kxf7 13. Nfg5+ Kg8 14.
Qxg4 Nd5 15. Qh5 h6 16. Qf7+ Kh8 17. Qxd5 hxg5 18. Nxg5 Qf6 19. Qe4 Kg8 20.
Qc4+ Kh8 21. Re1 Rf8 22. Qh4+ Qh6 23. Nf7+ Rxf7 24. Bxh6 gxh6 25. Qxh6+ Rh7 26.
Qf6+ Kg8 27. Re4 Rf8 28. Rg4+ Rg7 29. Qxg7# 1-0

[Event "6th Eforie Nord , Seacoast Trophy"]
[Site "?"]
[Date "2016.07.03"]
[Round "?"]
[White "Fluerariu, Radu-Cristian"]
[Black "Maksimov, Oleg"]
[Result "1/2-1/2"]
[WhiteElo "2011"]
[BlackElo "2298"]
[PlyCount "64"]
[EventDate "2016.??.??"]

1. e4 c5 2. Be2 g6 3. f4 Bg7 4. Nf3 Nc6 5. O-O e6 6. Na3 d5 7. d3 Nge7 8. c3
O-O 9. Nc2 b5 10. Be3 b4 11. cxb4 cxb4 12. Rb1 Ba6 13. e5 Qa5 14. Qd2 Rfc8 15.
Ncd4 Nxd4 16. Nxd4 Nc6 17. Nb3 Qxa2 18. Nc5 d4 19. Bf2 Qa5 20. Rfc1 Bb5 21. Bf3
Rab8 22. Bh4 b3 23. Qd1 Bf8 24. Ra1 Qb4 25. Be1 Qxc5 26. Rxc5 Bxc5 27. Qxb3 Ne7
28. Qd1 Nf5 29. b4 Bb6 30. Rc1 Rxc1 31. Qxc1 Bxd3 32. Bf2 Bb5 1/2-1/2

[Event "26th Seacoast Trophy"]
[Site "?"]
[Date "2016.07.02"]
[Round "?"]
[White "Morozov, Nichita"]
[Black "Fluerariu, Radu-Cristian"]
[Result "1-0"]
[WhiteElo "2375"]
[BlackElo "2011"]
[PlyCount "67"]
[EventDate "2016.??.??"]

1. d4 Nf6 2. c4 d6 3. Nc3 g6 4. e4 Bg7 5. f3 a6 6. Be3 O-O 7. Qd2 Nc6 8. Nge2
Bd7 9. g4 b5 10. h4 Re8 11. h5 b4 12. Nd5 e5 13. hxg6 fxg6 14. Bh6 Bh8 15. Bg5
Rf8 16. O-O-O exd4 17. Nxd4 Ne5 18. Qh2 Rf7 19. Be2 c6 20. Nxf6+ Bxf6 21. Be3
d5 22. g5 Bh8 23. f4 Ng4 24. Bxg4 Bxg4 25. f5 Bh5 26. e5 c5 27. e6 cxd4 28.
exf7+ Kxf7 29. f6 dxe3 30. Rxd5 Qc8 31. Qe5 Qxc4+ 32. Kb1 Ra7 33. Rd8 Rc7 34.
Qe8# 1-0

[Event "Campionatul National de sah clasic-2016"]
[Site "Calimanesti-Caciulata"]
[Date "2016.04.25"]
[Round "9.3"]
[White "Isfan, Ioan-Marius"]
[Black "Fluerariu, Radu-Cristian"]
[Result "0-1"]
[WhiteElo "1784"]
[BlackElo "1985"]
[PlyCount "116"]
[EventDate "2016.04.18"]
[EventRounds "9"]

1. d4 d6 2. e4 g6 3. Nf3 Bg7 4. Nbd2 Nc6 5. c3 Nf6 6. Bd3 O-O 7. O-O e5 8. Nb3
Re8 9. d5 Ne7 10. c4 b6 11. Bg5 h6 12. Bxf6 Bxf6 13. Nbd2 Bg7 14. b4 f5 15. c5
f4 16. cxd6 cxd6 17. Rc1 g5 18. Qc2 g4 19. Ne1 Bd7 20. Ba6 Ng6 21. Qc7 Qe7 22.
Nd3 Red8 23. b5 g3 24. fxg3 fxg3 25. Nf3 gxh2+ 26. Kh1 Nf4 27. Nxf4 exf4 28.
Bb7 Rab8 29. Bc6 Bf6 30. Qxa7 Bg4 31. Qxe7 Bxe7 32. Nd4 Rf8 33. Ne6 Rf7 34.
Nxf4 Rbf8 35. g3 Bg5 36. Rc3 h5 37. Rb1 Bxf4 38. gxf4 Rxf4 39. Kxh2 Rxe4 40.
Rb2 Kg7 41. Rg3 Kh6 42. Rd2 h4 43. Rgg2 Kh5 44. Rgf2 Ref4 45. Be8+ Kg5 46. Rxf4
Rxf4 47. Rg2 Kf6 48. Bc6 Ke5 49. Rd2 Rd4 50. Rf2 Ke4 51. Rf8 Rd2+ 52. Kg1 Rxa2
53. Re8+ Kf3 54. Re1 h3 55. Be8 h2+ 56. Kh1 Kg3 57. Bh5 Bxh5 58. Re3+ Kf2 0-1